00714nam a2200193Ia 4500001000700000003000500007008004100012010001100053040000900064100003500073245016700108260004100275300001000316502007700326650001700403650004600420650002000466700003400486Z_1732CHAP220113s1999 xx 000 0 und d a164824 cCHAP aGutiérrez Vázquez, Cireneo aUso de prostaglandina sintética (Cloprostenol) en la sincronización de partos en conejos /cpor Cireneo Gutiérrez Vázquez y Ana Luisa Hernández León aChapingo, Méx. :bEl autor,c1999 a55 h. aTesis (Ing. Agr. Esp. en Zootecnia) -- UACH. Departamento de Zootecnia aCunicultura  aHormonasxEfecto en animales domésticos aProstaglandina  aHernández León, Ana Luisa